[Event "CYCC U10"]
[Site "Ottawa CAN"]
[Date "2007.07.04"]
[Round "4"]
[White "Sreeraman, Shreyas"]
[Black "Dumais, Jean Philippe"]
[Result "0-1"]
[WhiteElo "1061"]
[BlackElo "1153"]
[PlyCount "130"]
[GameId "2160767910650753"]
[EventDate "2007.07.03"]
[EventType "swiss"]
[EventRounds "7"]
[EventCountry "CAN"]
[SourceTitle "EXT 2022"]
[Source "ChessBase"]
[SourceDate "2021.10.06"]
[SourceVersion "1"]
[SourceVersionDate "2021.10.06"]
[SourceQuality "1"]

1. e4 e5 2. Nf3 Nc6 3. Bc4 Nf6 4. Ng5 d5 5. exd5 Nxd5 6. Bxd5 Qxd5 7. Nc3 Qxg2 8. Qh5 Qxh1+ 9. Ke2 g6 10. Qh4 Nd4+ 11. Kd3 Bf5+ 12. Nce4 Bxe4+ 13. Nxe4 Be7 14. Qg3 Qf1+ 15. Ke3 Ne2 16. Qxe5 Nxc1 17. Qxh8+ Bf8 18. Qe5+ Be7 19. Qh8+ Bf8 20. Qe5+ Kd8 21. Qf6+ Be7 22. Qh8+ Kd7 23. Qxa8 Qe1+ 24. Kd4 Ne2+ 25. Ke3 Bg5+ 26. Kd3 Qxa1 27. Kxe2 Bh4 28. Nc5+ Kc6 29. Nxb7 Qxa2 30. Nd8+ Kd7 31. Nxf7 Qxf7 32. Qxa7 Qe7+ 33. Qe3 Qxe3+ 34. Kxe3 Bf6 35. b4 Bg5+ 36. Kd3 Bh4 37. f4 Kc6 38. Kc4 Be1 39. d4 Bd2 40. b5+ Kb6 41. d5 Bxf4 42. h3 g5 43. Kd4 Kxb5 44. Ke4 Bd2 45. Kf5 h6 46. Kg6 Kc5 47. Kxh6 Kxd5 48. c3 Bxc3 49. Kxg5 Bd2+ 50. Kg4 Bc1 51. h4 Bb2 52. Kf5 c5 53. h5 c4 54. h6 c3 55. h7 c2 56. Kg6 c1=Q 57. Kf7 Qg5 58. Kf8 Qg6 59. h8=Q Qd6+ 60. Kg8 Bxh8 61. Kxh8 Qg3 62. Kh7 Ke5 63. Kh6 Kf5 64. Kh7 Kf6 65. Kh8 Qg7# 0-1

[Event "CYCC U10"]
[Site "Ottawa CAN"]
[Date "2007.07.04"]
[Round "4"]
[White "Swift, Ryne"]
[Black "Yang, Bryant"]
[Result "1-0"]
[WhiteElo "1041"]
[BlackElo "1008"]
[PlyCount "119"]
[GameId "2160767910650754"]
[EventDate "2007.07.03"]
[EventType "swiss"]
[EventRounds "7"]
[EventCountry "CAN"]
[SourceTitle "EXT 2022"]
[Source "ChessBase"]
[SourceDate "2021.10.06"]
[SourceVersion "1"]
[SourceVersionDate "2021.10.06"]
[SourceQuality "1"]

1. e4 e5 2. Nf3 Nc6 3. Bc4 Bc5 4. O-O Nf6 5. Nc3 O-O 6. d3 d6 7. h3 Qe7 8. Bg5 h6 9. Bh4 Be6 10. Bd5 Nd4 11. Rb1 c6 12. Bxe6 Qxe6 13. a3 Nxf3+ 14. Qxf3 Bd4 15. Bxf6 Qxf6 16. Qxf6 gxf6 17. Ne2 Bb6 18. c3 Kh7 19. Ng3 d5 20. exd5 cxd5 21. Kh1 Bc7 22. Ne2 Rg8 23. g3 Bb6 24. f4 Rg7 25. fxe5 fxe5 26. Rf5 Bc7 27. Rbf1 Rf8 28. d4 exd4 29. cxd4 Bxg3 30. Nxg3 Rxg3 31. Rxf7+ Rxf7 32. Rxf7+ Rg7 33. Rf5 Rd7 34. Kg2 Kg6 35. Re5 Kf6 36. Kf3 Kg6 37. Kg4 b6 38. h4 Kh7 39. Kf5 Kg7 40. Ke6 Rd8 41. Rxd5 Rxd5 42. Kxd5 Kf7 43. Kc6 Ke7 44. d5 h5 45. d6+ Kd8 46. d7 b5 47. b3 a5 48. b4 a4 49. Kxb5 Kxd7 50. Kxa4 Kc7 51. b5 Kb6 52. Kb4 Ka7 53. Kc5 Kb7 54. a4 Ka7 55. b6+ Kb7 56. a5 Ka8 57. a6 Kb8 58. Kc6 Ka8 59. b7+ Kb8 60. a7+ 1-0

[Event "CYCC U10"]
[Site "Ottawa CAN"]
[Date "2007.07.05"]
[Round "5"]
[White "Brichko, Michael"]
[Black "Leu, Steven"]
[Result "1-0"]
[WhiteElo "1364"]
[BlackElo "1530"]
[PlyCount "77"]
[GameId "2160767910650756"]
[EventDate "2007.07.03"]
[EventType "swiss"]
[EventRounds "7"]
[EventCountry "CAN"]
[SourceTitle "EXT 2022"]
[Source "ChessBase"]
[SourceDate "2021.10.06"]
[SourceVersion "1"]
[SourceVersionDate "2021.10.06"]
[SourceQuality "1"]

1. e4 c5 2. Nf3 e6 3. d4 cxd4 4. Nxd4 a6 5. Nc3 Qc7 6. Be3 Nf6 7. f3 Bb4 8. Qd2 d5 9. Bd3 e5 10. Nde2 d4 11. Nxd4 exd4 12. Bxd4 Nc6 13. Be3 Qa5 14. a3 Bxc3 15. Qxc3 Qxc3+ 16. bxc3 O-O 17. O-O Ne5 18. Be2 Be6 19. Bd4 Nc6 20. Bxf6 gxf6 21. f4 f5 22. e5 f6 23. exf6 Rxf6 24. Rfe1 Rc8 25. Bf3 Re8 26. Bh5 Rd8 27. Bf3 Kf8 28. Rab1 Bc8 29. Bh5 Rdd6 30. Re8+ Kg7 31. Rxc8 Rfe6 32. Re8 Rf6 33. Rxb7+ Kh6 34. Bf3 Na5 35. Rbe7 Rb6 36. Rh8 Rfe6 37. Rhxh7+ Kg6 38. Bh5+ Kf6 39. Rhf7# 1-0

[Event "CYCC U10"]
[Site "Ottawa CAN"]
[Date "2007.07.05"]
[Round "5"]
[White "Dumais, Jean Philippe"]
[Black "Jensen, Jacob"]
[Result "0-1"]
[WhiteElo "1153"]
[BlackElo "1335"]
[PlyCount "46"]
[GameId "2160767910650757"]
[EventDate "2007.07.03"]
[EventType "swiss"]
[EventRounds "7"]
[EventCountry "CAN"]
[SourceTitle "EXT 2022"]
[Source "ChessBase"]
[SourceDate "2021.10.06"]
[SourceVersion "1"]
[SourceVersionDate "2021.10.06"]
[SourceQuality "1"]

1. e4 c5 2. Nc3 d6 3. Nf3 Nf6 4. Bc4 e6 5. d3 Be7 6. Bf4 O-O 7. e5 dxe5 8. Bxe5 Nbd7 9. d4 cxd4 10. Bxd4 a6 11. O-O b5 12. Bd3 Bb7 13. Ng5 h6 14. Bxf6 Nxf6 15. Nge4 Qc7 16. Nxf6+ Bxf6 17. Ne4 Bxb2 18. Rb1 Be5 19. Qe2 Bxh2+ 20. Kh1 Be5 21. Rb4 Qe7 22. Rb3 Qh4+ 23. Kg1 Qh2# 0-1

[Event "CYCC U10"]
[Site "Ottawa CAN"]
[Date "2007.07.05"]
[Round "5"]
[White "Gauvin, Mathieu"]
[Black "Boucher, Maxime"]
[Result "0-1"]
[WhiteElo "977"]
[BlackElo "964"]
[PlyCount "50"]
[GameId "2160767910650759"]
[EventDate "2007.07.03"]
[EventType "swiss"]
[EventRounds "7"]
[EventCountry "CAN"]
[SourceTitle "EXT 2022"]
[Source "ChessBase"]
[SourceDate "2021.10.06"]
[SourceVersion "1"]
[SourceVersionDate "2021.10.06"]
[SourceQuality "1"]

1. e4 e5 2. c3 Nf6 3. d3 Nc6 4. d4 Bd6 5. g3 O-O 6. f4 Nxe4 7. Bg2 Nf6 8. Bxc6 bxc6 9. dxe5 Bc5 10. exf6 Qxf6 11. Qf3 Qe6+ 12. Ne2 Qh3 13. Be3 Bd6 14. Bd4 Re8 15. Na3 Ba6 16. O-O-O Bxe2 17. Qf2 Bxd1 18. Kxd1 Qg4+ 19. Kc1 Re2 20. Qf1 Rae8 21. Qd1 Bxf4+ 22. gxf4 Qxf4+ 23. Be3 Qxe3+ 24. Qd2 Qxd2+ 25. Kb1 Qxb2# 0-1

[Event "CYCC U10"]
[Site "Ottawa CAN"]
[Date "2007.07.05"]
[Round "5"]
[White "Jean, Justin"]
[Black "Desbiens, Jonathan"]
[Result "0-1"]
[WhiteElo "1157"]
[BlackElo "1074"]
[PlyCount "32"]
[GameId "2160767910650760"]
[EventDate "2007.07.03"]
[EventType "swiss"]
[EventRounds "7"]
[EventCountry "CAN"]
[SourceTitle "EXT 2022"]
[Source "ChessBase"]
[SourceDate "2021.10.06"]
[SourceVersion "1"]
[SourceVersionDate "2021.10.06"]
[SourceQuality "1"]

1. e4 e5 2. Nf3 Nc6 3. Bc4 Nf6 4. Nc3 Bc5 5. O-O d6 6. d3 O-O 7. Bg5 Bg4 8. Nd5 Nd4 9. Nxf6+ gxf6 10. Bd2 Nxf3+ 11. gxf3 Bh3 12. Re1 f5 13. a3 Qh4 14. Qe2 f4 15. b4 Qg5+ 16. Kh1 Qg2# 0-1

[Event "CYCC U10"]
[Site "Ottawa CAN"]
[Date "2007.07.05"]
[Round "5"]
[White "Kalra, Agastya"]
[Black "Swift, Ryne"]
[Result "1-0"]
[WhiteElo "1365"]
[BlackElo "1041"]
[PlyCount "105"]
[GameId "2160767910650761"]
[EventDate "2007.07.03"]
[EventType "swiss"]
[EventRounds "7"]
[EventCountry "CAN"]
[SourceTitle "EXT 2022"]
[Source "ChessBase"]
[SourceDate "2021.10.06"]
[SourceVersion "1"]
[SourceVersionDate "2021.10.06"]
[SourceQuality "1"]

1. e4 e5 2. Nf3 Nc6 3. d4 exd4 4. c3 dxc3 5. Nxc3 Nf6 6. Bg5 Be7 7. Bc4 O-O 8. O-O d6 9. Re1 Bg4 10. h3 Bh5 11. Qd3 Bxf3 12. Qxf3 Ne5 13. Qe2 a6 14. Bb3 Nfd7 15. Bxe7 Qxe7 16. Nd5 Qd8 17. Rac1 c6 18. Nf4 Qf6 19. Qe3 Ng6 20. Nxg6 Qxg6 21. Rcd1 Rfd8 22. Rf1 Nc5 23. Bc2 Qf6 24. b4 Ne6 25. f4 Qb2 26. Bb3 Qf6 27. Rd2 Rd7 28. g4 g5 29. f5 Nf4 30. h4 h6 31. Rxf4 gxf4 32. Qxf4 Qxh4 33. Rh2 Qg5 34. Qf3 Qc1+ 35. Kg2 Qd2+ 36. Kh3 Qg5 37. Rf2 a5 38. Qd3 a4 39. Bc2 Qf6 40. Rg2 d5 41. Re2 Qe5 42. Re1 Qe7 43. Qd2 dxe4 44. Qxh6 Rd6 45. Qf4 Qf6 46. g5 Qc3+ 47. Re3 Qxb4 48. f6 Qc5 49. Qxe4 Qxg5 50. Qh7+ Kf8 51. Qh8+ Qg8 52. Qh6+ Qg7 53. Qxg7# 1-0

[Event "CYCC U10"]
[Site "Ottawa CAN"]
[Date "2007.07.05"]
[Round "5"]
[White "Karavai, Algerd"]
[Black "Dorrance, Adam"]
[Result "0-1"]
[WhiteElo "1075"]
[BlackElo "1484"]
[PlyCount "124"]
[GameId "2160767910650762"]
[EventDate "2007.07.03"]
[EventType "swiss"]
[EventRounds "7"]
[EventCountry "CAN"]
[SourceTitle "EXT 2022"]
[Source "ChessBase"]
[SourceDate "2021.10.06"]
[SourceVersion "1"]
[SourceVersionDate "2021.10.06"]
[SourceQuality "1"]

1. e4 c6 2. Nf3 d5 3. Nc3 dxe4 4. Nxe4 Nd7 5. Bc4 Ngf6 6. Neg5 e6 7. O-O Nb6 8. Be2 Be7 9. d4 O-O 10. Nh3 Qc7 11. Bf4 Bd6 12. Bxd6 Qxd6 13. Re1 Rd8 14. c3 Nbd5 15. c4 Ne7 16. c5 Qc7 17. b4 Ng6 18. Bc4 b5 19. cxb6 axb6 20. a3 Ba6 21. Bxa6 Rxa6 22. g3 b5 23. Nhg5 h6 24. Ne4 Nxe4 25. Rxe4 Qd7 26. Re3 e5 27. Rd3 exd4 28. Nxd4 Ne5 29. Rd2 Nc4 30. Re2 Qxd4 31. Re8+ Kh7 32. Rxd8 Qf6 33. Qc2+ g6 34. Rad1 Rxa3 35. Rf8 Ne5 36. Rdd8 Nf3+ 37. Kf1 Ra1+ 38. Rd1 Nxh2+ 39. Kg1 Nf3+ 40. Kh1 Ne1 41. Qe2 Rxd1 42. Qxd1 Qxf2 43. Rxf7+ Qxf7 44. Qxe1 Qd5+ 45. Kh2 Qd7 46. Qe4 h5 47. Qf4 Kg7 48. Qe5+ Kh7 49. Qf4 Qf5 50. Qc7+ Kh6 51. Qxc6 Qf2+ 52. Kh3 Qf1+ 53. Kh2 Qe2+ 54. Kh3 Qg4+ 55. Kg2 Qxb4 56. Qc1+ Kg7 57. Qa1+ Kf7 58. Qf1+ Ke6 59. Qe2+ Kf5 60. Qf3+ Ke5 61. Qe3+ Qe4+ 62. Qxe4+ Kxe4 0-1

[Event "CYCC U10"]
[Site "Ottawa CAN"]
[Date "2007.07.05"]
[Round "5"]
[White "Knox, Christopher"]
[Black "Luo, Zhao Yang"]
[Result "1-0"]
[WhiteElo "1995"]
[BlackElo "1795"]
[PlyCount "69"]
[GameId "2160767910650763"]
[EventDate "2007.07.03"]
[EventType "swiss"]
[EventRounds "7"]
[EventCountry "CAN"]
[SourceTitle "EXT 2022"]
[Source "ChessBase"]
[SourceDate "2021.10.06"]
[SourceVersion "1"]
[SourceVersionDate "2021.10.06"]
[SourceQuality "1"]

1. d4 d5 2. c4 c6 3. cxd5 cxd5 4. Nc3 e6 5. Nf3 Nf6 6. Bf4 Nc6 7. e3 Bd7 8. Bd3 a6 9. a3 Be7 10. O-O O-O 11. b4 Rc8 12. Rc1 b5 13. Nb1 Qb6 14. Nc3 Ne8 15. Nd2 Nd6 16. Bxd6 Bxd6 17. Nb3 Ne7 18. Ne2 Rxc1 19. Qxc1 Rc8 20. Nc5 Bxc5 21. bxc5 Qa5 22. f4 f5 23. Qb2 Rb8 24. Ra1 Nc6 25. Rb1 Be8 26. Kf2 Bh5 27. Nc3 b4 28. axb4 Rxb4 29. Qc2 Rxb1 30. Nxb1 Nb4 31. Qc3 Nxd3+ 32. Qxd3 Be8 33. Qa3 Qb5 34. Nd2 Qd3 35. Qxd3 1-0

[Event "CYCC U10"]
[Site "Ottawa CAN"]
[Date "2007.07.05"]
[Round "5"]
[White "Lai, Peter"]
[Black "Sabaratnam, Thiruvaran"]
[Result "0-1"]
[WhiteElo "1549"]
[BlackElo "1464"]
[PlyCount "108"]
[GameId "2160767910650764"]
[EventDate "2007.07.03"]
[EventType "swiss"]
[EventRounds "7"]
[EventCountry "CAN"]
[SourceTitle "EXT 2022"]
[Source "ChessBase"]
[SourceDate "2021.10.06"]
[SourceVersion "1"]
[SourceVersionDate "2021.10.06"]
[SourceQuality "1"]

1. d4 d5 2. c4 e6 3. Nc3 Nf6 4. cxd5 exd5 5. Bg5 Be7 6. e3 c6 7. Bd3 Be6 8. Qc2 h6 9. Bh4 Nbd7 10. Nge2 O-O 11. f3 c5 12. O-O c4 13. Bf5 a6 14. a4 Rc8 15. Bxe6 fxe6 16. Nf4 Rc6 17. Ng6 Re8 18. e4 dxe4 19. Nxe4 Nd5 20. Bf2 Bg5 21. Rfe1 Nb4 22. Qc3 Nd5 23. Qa3 Be7 24. Nxe7+ Qxe7 25. Qxe7 Rxe7 26. Bg3 N7f6 27. Bd6 Rd7 28. Ba3 Kf7 29. Nd6+ Rdxd6 30. Bxd6 Rxd6 31. Rac1 Rc6 32. Re5 Nf4 33. Rc2 N6d5 34. g3 Nd3 35. Ree2 b5 36. axb5 axb5 37. Kf1 Ra6 38. Kg2 Ra1 39. Rcd2 h5 40. h4 N5b4 41. f4 Nd5 42. Kf3 Rg1 43. Re4 Kf6 44. Rde2 Nc7 45. Rd2 Rb1 46. Ree2 Kf5 47. Rh2 Nd5 48. Rhe2 N5b4 49. Rh2 Nc6 50. Ke3 Ne7 51. Rhe2 Rf1 52. Rg2 Nd5+ 53. Ke2 Re1+ 54. Kf3 Re3# 0-1

[Event "CYCC U10"]
[Site "Ottawa CAN"]
[Date "2007.07.05"]
[Round "5"]
[White "Leveille, Francois1"]
[Black "Tremblay, Kevin"]
[Result "1-0"]
[WhiteElo "998"]
[BlackElo "1293"]
[PlyCount "147"]
[GameId "2160767910650765"]
[EventDate "2007.07.03"]
[EventType "swiss"]
[EventRounds "7"]
[EventCountry "CAN"]
[SourceTitle "EXT 2022"]
[Source "ChessBase"]
[SourceDate "2021.10.06"]
[SourceVersion "1"]
[SourceVersionDate "2021.10.06"]
[SourceQuality "1"]

1. e4 e5 2. Nf3 Nc6 3. Bc4 Nf6 4. O-O Bc5 5. Nc3 O-O 6. Na4 d6 7. Bb5 Rb8 8. Bxc6 bxc6 9. b3 Re8 10. Nxc5 dxc5 11. Ba3 Ba6 12. Re1 Qd6 13. Bb2 Nd7 14. c3 c4 15. Qc1 cxb3 16. Ba3 Qg6 17. Nh4 Qh5 18. Nf3 b2 19. Bxb2 Bc8 20. Rb1 Nc5 21. Ba3 Rxb1 22. Qxb1 Nd3 23. Qxd3 Qg6 24. Nh4 Qg4 25. Qg3 Qxg3 26. fxg3 Be6 27. Bc5 Ra8 28. Ra1 Bc4 29. Nf5 Bd3 30. Re1 g6 31. Nh6+ Kg7 32. Ng4 h5 33. Nxe5 Re8 34. Nxd3 a5 35. e5 a4 36. Nf4 f6 37. e6 g5 38. Nxh5+ Kh6 39. Nxf6 Rd8 40. e7 Rxd2 41. e8=Q g4 42. Nxg4+ Kh7 43. Re6 Kg7 44. Qf7+ Kxf7 45. Rf6+ Kg7 46. h4 Re2 47. Bf8+ Kg8 48. Nh6+ Kh7 49. h5 Rxa2 50. Rf7+ Kh8 51. Bg7+ Kh7 52. g4 Ra1+ 53. Kh2 Rf1 54. Rxf1 Kxg7 55. g5 a3 56. Ra1 c5 57. Rxa3 c4 58. Ra7 Kh8 59. Ra8+ Kg7 60. Rg8+ Kh7 61. Rc8 c6 62. Rxc6 Kg7 63. Rxc4 Kh7 64. Rb4 Kg7 65. c4 Kf8 66. c5 Ke7 67. c6 Ke6 68. c7 Ke5 69. Rc4 Kd6 70. c8=Q Kd5 71. Qa6 Ke5 72. Qa5+ Kd6 73. Rb4 Kc6 74. Qa6+ 1-0

[Event "CYCC U10"]
[Site "Ottawa CAN"]
[Date "2007.07.05"]
[Round "5"]
[White "Levesque, Brale"]
[Black "Sharma, Pranav"]
[Result "0-1"]
[WhiteElo "1224"]
[BlackElo "1117"]
[PlyCount "104"]
[GameId "2160767910650766"]
[EventDate "2007.07.03"]
[EventType "swiss"]
[EventRounds "7"]
[EventCountry "CAN"]
[SourceTitle "EXT 2022"]
[Source "ChessBase"]
[SourceDate "2021.10.06"]
[SourceVersion "1"]
[SourceVersionDate "2021.10.06"]
[SourceQuality "1"]

1. e4 e5 2. Nf3 Nc6 3. Bb5 d6 4. Nc3 Nf6 5. O-O Bg4 6. Nd5 Be7 7. d3 O-O 8. Bxc6 bxc6 9. Nxe7+ Qxe7 10. h3 h6 11. hxg4 Nxg4 12. Nxe5 Nxe5 13. d4 Nd7 14. Re1 Qf6 15. d5 cxd5 16. exd5 Rfe8 17. Rb1 Nc5 18. b4 Ne4 19. Qd3 Qxf2+ 20. Kh2 Qxe1 21. c4 Qh4+ 22. Kg1 Nc3 23. g3 Re1+ 24. Kf2 Qh1 25. Bd2 Rxb1 26. Bxc3 Qg1+ 27. Ke2 Qg2+ 28. Ke3 Re8+ 29. Kf4 Rf1+ 30. Kg4 f5+ 31. Kh5 Qh3+ 32. Kg6 Re4 33. Qxf1 Qxg3+ 34. Kxf5 Re3 35. Bd4 Rf3+ 36. Qxf3 Qxf3+ 37. Ke6 Qe4+ 38. Kd7 Qxd4 39. Kxc7 Qxc4+ 40. Kxd6 Qxb4+ 41. Ke5 Qe7+ 42. Kd4 Qd6 43. Kc4 h5 44. Kd4 h4 45. a3 h3 46. Kc4 h2 47. Kd4 h1=R 48. Kc4 Rd1 49. Kc3 Qxd5 50. Kb2 Qc5 51. a4 Rd2+ 52. Kb1 Qg1# 0-1

[Event "CYCC U10"]
[Site "Ottawa CAN"]
[Date "2007.07.05"]
[Round "5"]
[White "Yang, Bryant"]
[Black "Patenaude, Roch"]
[Result "1-0"]
[WhiteElo "1008"]
[BlackElo "999"]
[PlyCount "63"]
[GameId "2160767910650770"]
[EventDate "2007.07.03"]
[EventType "swiss"]
[EventRounds "7"]
[EventCountry "CAN"]
[SourceTitle "EXT 2022"]
[Source "ChessBase"]
[SourceDate "2021.10.06"]
[SourceVersion "1"]
[SourceVersionDate "2021.10.06"]
[SourceQuality "1"]

1. e4 e5 2. Nf3 c6 3. Nc3 d5 4. exd5 cxd5 5. Nxe5 Qe7 6. Qe2 Nf6 7. d4 Nbd7 8. Nxd7 Nxd7 9. Nxd5 Qxe2+ 10. Bxe2 Rb8 11. Bf4 b6 12. Bxb8 Bb7 13. Bf3 g6 14. Nf6+ Nxf6 15. Bxb7 Bg7 16. Bxa7 b5 17. Rd1 O-O 18. d5 Re8+ 19. Be3 Rb8 20. Bc6 b4 21. d6 Rc8 22. d7 Rd8 23. Bb6 Rf8 24. d8=Q Re8+ 25. Bxe8 Nxe8 26. Qxe8+ Bf8 27. Bc5 Kg7 28. Bxf8+ Kf6 29. Rd6+ Kf5 30. Qxf7+ Kg5 31. h4+ Kg4 32. Qf3# 1-0

[Event "CYCC U10"]
[Site "Ottawa CAN"]
[Date "2007.07.05"]
[Round "5"]
[White "Zhao, Donovan"]
[Black "Dunne, Francesco"]
[Result "1-0"]
[WhiteElo "1487"]
[BlackElo "1315"]
[PlyCount "113"]
[GameId "2160767910650771"]
[EventDate "2007.07.03"]
[EventType "swiss"]
[EventRounds "7"]
[EventCountry "CAN"]
[SourceTitle "EXT 2022"]
[Source "ChessBase"]
[SourceDate "2021.10.06"]
[SourceVersion "1"]
[SourceVersionDate "2021.10.06"]
[SourceQuality "1"]

1. e4 e5 2. Nf3 Nc6 3. Bc4 Bc5 4. c3 Nf6 5. d4 exd4 6. cxd4 Bb4+ 7. Bd2 Bxd2+ 8. Nbxd2 d6 9. O-O O-O 10. Qc2 Bg4 11. Rfe1 Re8 12. h3 Bh5 13. a3 Qd7 14. b4 Bg6 15. Bd3 Re7 16. Re2 Rae8 17. Rc1 d5 18. e5 Bxd3 19. Qxd3 Qd8 20. Nb3 Nd7 21. Ne1 f6 22. f4 fxe5 23. fxe5 Nb6 24. Nc5 Qc8 25. Rec2 Nd7 26. Nf3 Nxc5 27. Rxc5 Qd7 28. Qb5 Qf5 29. Qxb7 Nd8 30. Qxd5+ Ne6 31. Qc4 Kh8 32. Ra5 Rf8 33. Qc2 Qf4 34. Qd1 Qg3 35. Kf1 Ng5 36. Rc3 Ref7 37. Qe1 Rxf3+ 38. Rxf3 Rxf3+ 39. gxf3 Qxh3+ 40. Ke2 Qxf3+ 41. Kd2 Ne4+ 42. Kc1 Nf2 43. Qd2 Qc6+ 44. Rc5 Qh1+ 45. Kb2 Ne4 46. Rxc7 h6 47. Rc8+ Kh7 48. Qc2 Qe1 49. e6 Qh4 50. Rc4 Kg8 51. Rc8+ Kh7 52. Ka2 h5 53. d5 Kh6 54. Rc4 Qf4 55. Rxe4 Qd6 56. Qd2+ g5 57. e7 1-0

[Event "CYCC U10"]
[Site "Ottawa CAN"]
[Date "2007.07.05"]
[Round "6"]
[White "Brichko, Michael"]
[Black "Zhao, Donovan"]
[Result "1-0"]
[WhiteElo "1364"]
[BlackElo "1487"]
[PlyCount "133"]
[GameId "2160767910650773"]
[EventDate "2007.07.03"]
[EventType "swiss"]
[EventRounds "7"]
[EventCountry "CAN"]
[SourceTitle "EXT 2022"]
[Source "ChessBase"]
[SourceDate "2021.10.06"]
[SourceVersion "1"]
[SourceVersionDate "2021.10.06"]
[SourceQuality "1"]

1. e4 e5 2. Nf3 Nc6 3. Bc4 Bc5 4. d3 d6 5. h3 Be6 6. Bb3 a6 7. Nc3 Nf6 8. Bg5 h6 9. Bh4 g5 10. Bg3 Qd7 11. Qd2 O-O-O 12. Bxe6 Qxe6 13. O-O-O Bb4 14. Kb1 Kb8 15. h4 g4 16. Nh2 Nh5 17. Nf1 f5 18. exf5 Qxf5 19. Ne3 Qe6 20. Ned5 Nxg3 21. fxg3 Ba5 22. Rhe1 Nd4 23. Qf2 Rhf8 24. Qxd4 exd4 25. Rxe6 dxc3 26. Nxc3 Bxc3 27. bxc3 Rf2 28. Rg1 Rh8 29. Re4 h5 30. Rf4 Re2 31. Kc1 Re3 32. Rf5 Rxg3 33. Kd2 Re8 34. Rxh5 Kc8 35. Rh7 Rge3 36. Rg7 Rg3 37. h5 Rge3 38. Rxg4 R3e5 39. Rh4 Rh8 40. g4 Rg5 41. Rf1 Rhg8 42. Rf4 Kd7 43. h6 Rh8 44. Rf3 Rg6 45. Rfh3 Ke6 46. Ke3 Ke5 47. Rh5+ Kf6 48. Rf3+ Ke6 49. g5 c5 50. h7 b5 51. c4 b4 52. Kd2 a5 53. Ke3 a4 54. Kf4 Rf8+ 55. Kg4 Rh8 56. Rhh3 Ke7 57. Kh5 Rg7 58. g6 a3 59. Kh6 Rgg8 60. g7 Rxh7+ 61. Kxh7 Rxg7+ 62. Kxg7 Ke6 63. Re3+ Kf5 64. Rhf3+ Kg4 65. Rg3+ Kf4 66. Ref3+ Ke5 67. Rg4 1-0

[Event "CYCC U10"]
[Site "Ottawa CAN"]
[Date "2007.07.05"]
[Round "6"]
[White "Dorrance, Adam"]
[Black "Desbiens, Jonathan"]
[Result "1-0"]
[WhiteElo "1484"]
[BlackElo "1074"]
[PlyCount "85"]
[GameId "2160767910650774"]
[EventDate "2007.07.03"]
[EventType "swiss"]
[EventRounds "7"]
[EventCountry "CAN"]
[SourceTitle "EXT 2022"]
[Source "ChessBase"]
[SourceDate "2021.10.06"]
[SourceVersion "1"]
[SourceVersionDate "2021.10.06"]
[SourceQuality "1"]

1. d4 d5 2. Nf3 Nc6 3. c4 e6 4. Nc3 Nf6 5. Bf4 Bb4 6. a3 Bxc3+ 7. bxc3 b6 8. e3 Bb7 9. Bd3 Ne4 10. Qc2 f5 11. O-O Nf6 12. cxd5 Qxd5 13. c4 Qd7 14. Rab1 Ba6 15. Ne5 Nxe5 16. Bxe5 Qe7 17. Qa4+ Qd7 18. Qxa6 c5 19. Qb5 Rd8 20. Qxd7+ Rxd7 21. Bc2 Kf7 22. Bxf6 gxf6 23. dxc5 bxc5 24. Rfd1 Rdd8 25. Rxd8 Rxd8 26. g3 Rd2 27. Rb7+ Kg6 28. Ba4 Rd6 29. Rxa7 Rd3 30. Bb5 Rb3 31. a4 Rb1+ 32. Kg2 Rb4 33. Rb7 h5 34. a5 e5 35. a6 e4 36. a7 f4 37. gxf4 Rxb5 38. Rxb5 h4 39. a8=Q Kf5 40. Rxc5+ Ke6 41. Qd5+ Ke7 42. Rc7+ Ke8 43. Qg8# 1-0

[Event "CYCC U10"]
[Site "Ottawa CAN"]
[Date "2007.07.05"]
[Round "6"]
[White "Dumais, Remi"]
[Black "Dumais, Jean Philippe"]
[Result "1/2-1/2"]
[WhiteElo "944"]
[BlackElo "1153"]
[PlyCount "128"]
[GameId "2160767910650775"]
[EventDate "2007.07.03"]
[EventType "swiss"]
[EventRounds "7"]
[EventCountry "CAN"]
[SourceTitle "EXT 2022"]
[Source "ChessBase"]
[SourceDate "2021.10.06"]
[SourceVersion "1"]
[SourceVersionDate "2021.10.06"]
[SourceQuality "1"]

1. e4 e5 2. Nf3 Nc6 3. Bc4 Bc5 4. b4 Nxb4 5. c3 Nc6 6. d4 exd4 7. e5 dxc3 8. Nxc3 d6 9. Bf4 dxe5 10. Nxe5 Qxd1+ 11. Kxd1 Nxe5 12. Bxe5 Ne7 13. Bxg7 Rg8 14. Bf6 Rxg2 15. Re1 Rxf2 16. h4 Rxf6 17. h5 Bg4+ 18. Kc2 Bxh5 19. Bd3 Bf2 20. Bb5+ Kf8 21. Re4 Bg6 22. Kd3 Bxe4+ 23. Nxe4 Rf3+ 24. Ke2 Rf4 25. Bd3 Bd4 26. Rd1 Rd8 27. Rb1 Nf5 28. Ng5 Re8+ 29. Kd2 Be3+ 30. Ke2 Rf2+ 31. Ke1 Re5 32. Nxh7+ Kg7 33. Ng5 Bxg5+ 34. Kxf2 Be3+ 35. Ke2 Ng3+ 36. Kf3 Nf5 37. Rxb7 Kg6 38. Rxc7 Rd5 39. Bc4 Rd2 40. Bxf7+ Kf6 41. Bc4 Rc2 42. Rc6+ Ke5 43. a3 Kd4 44. Kg4 Rxc4 45. Rf6 Rc5 46. a4 Ke4 47. Re6+ Re5 48. Ra6 Nd4 49. Rxa7 Nb3 50. Rb7 Re8 51. Kh4 Nc5 52. a5 Nxb7 53. a6 Rg8 54. Kh3 Bf4 55. Kh4 Kf5 56. axb7 Kf6 57. Kh5 Be5 58. Kh4 Kf5 59. Kh3 Kf4 60. Kh2 Kf3+ 61. Kh1 Bd4 62. Kh2 Ba7 63. b8=Q Bxb8+ 64. Kh1 Kf2 1/2-1/2

[Event "CYCC U10"]
[Site "Ottawa CAN"]
[Date "2007.07.05"]
[Round "6"]
[White "Karavai, Algerd"]
[Black "Levesque, Brale"]
[Result "1-0"]
[WhiteElo "1075"]
[BlackElo "1224"]
[PlyCount "67"]
[GameId "2160767910650776"]
[EventDate "2007.07.03"]
[EventType "swiss"]
[EventRounds "7"]
[EventCountry "CAN"]
[SourceTitle "EXT 2022"]
[Source "ChessBase"]
[SourceDate "2021.10.06"]
[SourceVersion "1"]
[SourceVersionDate "2021.10.06"]
[SourceQuality "1"]

1. e4 e5 2. Nf3 Nc6 3. Bc4 Bc5 4. d3 Qf6 5. Bg5 Qg6 6. O-O Nf6 7. Nc3 d6 8. h3 h6 9. Bh4 Bxh3 10. Ne1 Bb4 11. a3 Bxc3 12. bxc3 Na5 13. Bb5+ c6 14. Ba4 b5 15. Bb3 Nxb3 16. cxb3 d5 17. Bxf6 gxf6 18. a4 O-O 19. axb5 cxb5 20. exd5 Rfd8 21. c4 Rab8 22. Rxa7 bxc4 23. bxc4 Re8 24. Kh1 e4 25. gxh3 e3 26. Rg1 exf2 27. Rxg6+ fxg6 28. Nf3 h5 29. Qf1 Re1 30. Nxe1 fxe1=Q 31. Qxe1 g5 32. Qe7 Rb7 33. Ra8+ Rb8 34. Rxb8# 1-0

[Event "CYCC U10"]
[Site "Ottawa CAN"]
[Date "2007.07.05"]
[Round "6"]
[White "Lai, Jonathan"]
[Black "Dunne, Francesco"]
[Result "1-0"]
[WhiteElo "1473"]
[BlackElo "1315"]
[PlyCount "63"]
[GameId "2160767910650777"]
[EventDate "2007.07.03"]
[EventType "swiss"]
[EventRounds "7"]
[EventCountry "CAN"]
[SourceTitle "EXT 2022"]
[Source "ChessBase"]
[SourceDate "2021.10.06"]
[SourceVersion "1"]
[SourceVersionDate "2021.10.06"]
[SourceQuality "1"]

1. e4 e5 2. Nf3 Nc6 3. Bc4 Bc5 4. O-O Nf6 5. Nc3 d6 6. h3 Be6 7. Bb3 Bxb3 8. axb3 Qd7 9. d3 O-O-O 10. Be3 Bxe3 11. fxe3 h6 12. Nb5 a6 13. Na3 g5 14. Nxe5 Nxe5 15. Rxf6 h5 16. d4 Nc6 17. Rf5 Rdg8 18. b4 g4 19. h4 Nxb4 20. c3 Nc6 21. b4 Qe7 22. Qe1 g3 23. Rf4 Rg4 24. Rxg4 hxg4 25. Qxg3 Rxh4 26. b5 axb5 27. Nxb5 f5 28. exf5 Qh7 29. Ra8+ Kd7 30. Rf8 Ne7 31. e4 d5 32. Qxc7# 1-0